ბათუმის შოთა რუსთაველის სახელმწიფო უნივერსიტეტის ბიბლიოთეკა

მეცხოველეობის საფუძვლები. (ბიბ.ჩანაწერი № 44872)

000 -LEADER
fixed length control field 00657nam a2200205Ia 4500
001 - CONTROL NUMBER
control field 11687
003 - CONTROL NUMBER IDENTIFIER
control field GE_BSU
008 - FIXED-LENGTH DATA ELEMENTS--GENERAL INFORMATION
fixed length control field 181216s||||||||xx |||||||||||||| ||und||
040 ## - CATALOGING SOURCE
Transcribing agency GE_BSU
080 ## - UNIVERSAL DECIMAL CLASSIFICATION NUMBER
Universal Decimal Classification number 636
100 ## - MAIN ENTRY--PERSONAL NAME
Personal name აგლაძე,დ.
245 ## - TITLE STATEMENT
Title მეცხოველეობის საფუძვლები.
245 ## - TITLE STATEMENT
Statement of responsibility, etc. რედ:ნ.მელითაური.
260 ## - PUBLICATION, DISTRIBUTION, ETC.
Place of publication, distribution, etc. თბილისი.
260 ## - PUBLICATION, DISTRIBUTION, ETC.
Name of publisher, distributor, etc. სას–სამ. ინ–ტის გამ–ბა.
260 ## - PUBLICATION, DISTRIBUTION, ETC.
Date of publication, distribution, etc. 1955.
300 ## - PHYSICAL DESCRIPTION
Extent 463გვ;23სმ.
653 ## - INDEX TERM--UNCONTROLLED
Uncontrolled term მეცხოველეობის საფუძვლები.
942 ## - ADDED ENTRY ELEMENTS (KOHA)
Koha item type წიგნი
ეგზემპლარები
Withdrawn status Lost status Damaged status Not for loan Date acquired Barcode Date last seen Price effective from Koha item type
        2018-12-17 20353 2018-12-17 2018-12-17 წიგნი